| 000 | 00847nam a2200229 a 4500 | ||
|---|---|---|---|
| 001 | 40567 | ||
| 003 | BD-RjUL | ||
| 005 | 20211209053236.0 | ||
| 008 | 160504s1976 bg ||||| |||| 00| 0 ben d | ||
| 020 | _c: TK.3.50 | ||
| 035 | _a(BD-RjUL)40682 | ||
| 040 |
_aBD-RjUL _bben _cBD-RjUL |
||
| 041 | _aben | ||
| 082 |
_223 _a297 _bKHP 1976 |
||
| 100 |
_aখান, মো : আবদুল করিম _9124854 |
||
| 245 | 1 | 0 |
_aপ্রকৃত সুখের সন্ধান : _b"ফিলোছফি বা দর্শন তত্ব" / _cমো : আবদুল করিম খান |
| 260 |
_aরাজশাহী : _bমো : আবদুল করিম খান, _c১৯৭৬ |
||
| 300 |
_a[১২], ১৩৪ পৃ. ; _c১৯ সেমি. |
||
| 650 |
_aইসলাম _9124855 |
||
| 650 |
_aIslam _9124856 |
||
| 942 |
_2ddc _cBK |
||
| 999 |
_c40567 _d40567 |
||